Statistics for Thai Foods

Click here to take the quiz!

General Stats

  • This quiz has been taken 35 times
    (5 since last reset)
  • The average score is 10 of 25

Answer Stats

DescriptionAnswer% Correct
National dish of stir-fried rice noodles and various other ingredients prepared in a wokPad {Thai}
100%
Stinky fruit that can be enjoyed with sticky rice instead of the aboveDurian
75%
Meaning of the word 'pad'Fried
75%
Sweet stone fruit enjoyed with glutinous rice and coconut milk in this popular Thai dessert{Mango} sticky rice
75%
The fried eggs of this bird are commonly sold as street foodQuail
75%
Hot and sour soup that typically includes shrimpTom yum
75%
Green herb commonly used as an ingredient or garnish in Thai dishes; described by some as having a soapy flavourCoriander
50%
Colour of the creamy 'gaeng khiao waan gai' curryGreen
50%
Yellow, slightly crunchy tropical fruit that is cooked in a curry in Thailand and South Asia{Jack}fruit curry
50%
Meat, potato, onion and peanut 'muslim' curry that bears Persian, Malay and Indian influencesMassaman
50%
Holy basil, ground meat, garlic, sugar and Thai chilli stir fryPad {Krapao}
50%
Stir-fried flat rice noodle dish that has a browner colour due to the caramelisation of its soy saucePad {see} {ew}
50%
Spicy salad also of Lao origin. It contains this unripe fruit in shredded formSom tam (green {papaya} salad)
50%
Indian 'roti' flatbreads that are often filled with this sweet yellow fruit by street vendors{Banana} roti
25%
Dessert comprising green pandan jelly noodles in coconut milk that is common in South East AsiaCendol/Lod chong
25%
The Thai variant of this Chinese dish differs from the original version through the use of jasmine rice, fish sauce, tomatoes and herbsKhao pad (fried rice)
25%
Spicy meat salad of Lao origin which is most common in North East ThailandLaab
25%
Stir-fried meat (usually chicken) and cashew dishPad {med} {mamuang}
25%
Popular red curry believed to be named after Penang island in MalaysiaPhanaeng
25%
Sausages sold by Thai street vendors are sometimes fermented to have this flavourSour
25%
Orange spice introduced to Thailand by India that is used to flavour many Thai dishesTurmeric
25%
Dessert of rice flour balls cooked in coconut milk and sugar that is inspired by the Chinese 'tangyuan' dishBua loi
0%
Sweet, orange Thai spiced tea that is served icedCha yen
0%
Type of protein-rich animal sometimes fried and skewered as street food in Thailand and other parts of South East AsiaInsects
0%
Rice noodle soup dish is most commonly enjoyed with either beef or chicken; it translates to 'cut rice'Khao soi
0%

Score Distribution

Percentile by Number Answered

Percent of People with Each Score

Your Score History

You have not taken this quiz since the last reset